Jak dobrze znasz stumble guys? - Statystyki

Ogólne statystyki
  • Ten quiz został rozwiązany 47 razy
  • Średni wynik to 8 z 16
Statystyki odpowiedzi
Hint Odpowiedź % Poprawnych
Ile klejnotów kosztuje zwykły spin? 55
91%
Jaka firma przejeła kiedyś Stumble guys? Kitka games
91%
Jak nazywa się głowna postać - Chłopak? Mr stumble
91%
Ile żetonów kosztuje epicki spin? 35
88%
ile klejnotów kosztuje rzadki spin? 90
88%
Od jakiej gry jest nazwa stumble guys? Fall guys
75%
Jak nazywa się głowna postać - Dziewczyna? Ms stumble
72%
jaka firma przejeła stumble guys? Scopely
66%
Ile jest specjalnych skinów w grze? 13.07.2023 34
34%
Jak się nazywa brat sensei firefist? Dark firefist
28%
Jak się nazywa brat inferno dragon? Dusk dragon
25%
Jak się nazywa brat kayo rayo? Kayo fuego
25%
Jak się nazywa skin Hot doga? Sup dog
25%
Jak się nazywa skin loda? strawberry rita
22%
Jak się nazywa skin arbuza? Judge rindhold
13%
Kiedy stworzono stumble guys? 7 październik 2021
0%
Nie znaleziono quizów pasujących do podanych kryteriów
Rozkład punktacji
Procent ludzi z każdym wynikiem
Percentyl według liczby udzielonych odpowiedzi
Twoja historia wyników
Nie rozwiązałeś tego quizu